书目信息 |
| 题名: |
DECnet计算机网络的结构与实现:DECnet-VAX软件分析
|
|
| 作者: | 中国电子设备系统工程公司研究所 编著 | |
| 分册: | ||
| 出版信息: | 北京 电子工业出版社 1990.09 |
|
| 页数: | 754页 | |
| 开本: | 16开 | |
| 丛书名: | ||
| 单 册: | ||
| 中图分类: | TP393.02 | |
| 科图分类: | ||
| 主题词: | 计算机应用 | |
| 电子资源: | ||
| ISBN: | 7-5053-0737-1 | |
| 000 | 00739nam0 2200193 45 | |
| 001 | 0004041173 | |
| 005 | 20000404110805.9 | |
| 010 | @a7-5053-0737-1@d40.00元 | |
| 100 | @a20000404d1990 km y0chiy0120 ea | |
| 101 | @achi | |
| 105 | @a z 000yy | |
| 200 | 1 | @aDECnet计算机网络的结构与实现:DECnet-VAX软件分析@ADECnet Ji Suan Ji Wang Luo De Jie Gou Yu Shi Xian:DECnet-VAX Ruan Jian Fen Xi@f中国电子设备系统工程公司研究所编著@FZhong Guo Dian Zi She Bei Xi Tong Gong Cheng Gong Si Yan Jiu Suo Bian Zhu |
| 210 | @a北京@c电子工业出版社@d1990.09 | |
| 215 | @a754页@d16开 | |
| 606 | 0 | @a计算机应用 |
| 690 | @aTP393.02@v3 | |
| 701 | @a中国电子设备系统工程公司研究所@4编著 | |
| 801 | @aCN@bPftUser@c20000404 | |
| 905 | @f1@b52412@dTP393.02@eZH:163 | |
| DECnet计算机网络的结构与实现:DECnet-VAX软件分析/中国电子设备系统工程公司研究所编著.-北京:电子工业出版社,1990.09 |
| 754页;16开 |
| ISBN 7-5053-0737-1:40.00元 |
| ● |
| 相关链接 |
|
|
|
正题名:DECnet计算机网络的结构与实现:DECnet-VAX
索取号:TP393.02/ZH:163
 
预约/预借
| 序号 | 登录号 | 条形码 | 馆藏地/架位号 | 状态 | 备注 |
| 1 | 52412 | 200524129 | 期刊室512/301自科库 120排1列4层/ [索取号:TP393.02/ZH:163] | 在馆 |